On This Day: March 15th II Quiz Stats

 Plays Quiz Updated Mar 15, 2018

Score 0/7 Timer 03:00
0 Plays Today
Question Answer Wrong Answers
This British luxury car and aero engine manufacturing business is incorporated.
1906
Rolls-Royce
93.4%
Audi
2.3%
Volvo
1.8%
Renault
2.5%
United States President Woodrow Wilson sends 4,800 troops to the US–Mexico border to pursue this Mexican Revolutionary general.
1916
Pancho Villa
85.8%
Porfirio Díaz
4.4%
José María Morelos
4.7%
Antonio López
4%
The dictator Theodoros Pangalos is elected President of ______ without opposition.
1926
Greece
80.8%
Albania
8.1%
Bulgaria
5.3%
Georgia
4.3%
This US President, responding to the Selma crisis, tells US Congress ‘We shall overcome’ while advocating for the Voting Rights Act.
1965
Lyndon B. Johnson
78.9%
John F. Kennedy
12.3%
Richard Nixon
3.3%
Harry S. Truman
2.9%
This liberal-leaning American lawyer and judge, who was appointed to the US Supreme Court by President Bill Clinton, is born.
1933
Ruth Bader Ginsburg
69.5%
Neil Gorsuch
3.8%
Clarence Thomas
16.1%
Sonia Sotomayor
8.6%
The Two Plus Four Agreement comes into effect, with the Four Powers renouncing all rights they held in ______, and granting full sovereignty to the country.
1991
Germany
60.7%
Italy
4.5%
Russia
16.3%
Japan
15.5%
Chancellor Engelbert Dollfuss of this nation keeps members of the National Council from convening, marking the beginning of authoritarian rule.
1933
Austria
37.7%
Germany
46.4%
Belgium
6.4%
Denmark
7.3%

You're not logged in!

Compare scores with friends on all Sporcle quizzes.
OR
Log In

Sporcle TV

Today on Sporcle TV


Watch our educational content, quiz creation guides, and fun videos on Sporcle TV.

Show Comments

Extras

Top Quizzes Today


Score Distribution

Your Account Isn't Verified!

In order to create a playlist on Sporcle, you need to verify the email address you used during registration. Go to your Sporcle Settings to finish the process.

Report this User

Report this user for behavior that violates our Community Guidelines.

Details: